000 00894 a2200229 4500
999 _c4704
_d4704
020 _a1779050666
050 0 0 _aLC 1090 DEN 1998
100 1 _aD'Engelbronner-Kolff, Franka Marina.
245 1 4 _aThe provision of non-formal education for human rights in Zimbabwe /
_cMarina d'Engelbronner-Kolff.
264 _aHarare:
_bSapes,
_c1998
300 _a143 p. ;
440 0 _aState and democracy series
500 _a"SAPES Trust"--P. [4] of cover.
500 _a"Southern Africa Regional Institute for Policy Studies ..."-- Ser. t.p.
504 _aIncludes bibliographical references and index.
650 0 _aHuman rights
_xStudy and teaching
650 0 _aHuman rights
710 2 _aSAPES Trust.
710 2 _aSouthern Africa Regional Institute for Policy Studies.
942 _2lcc
_cBK
_h1090
_iDEN
_kLC